000 00428pab a2200145 454500
008 180718b2004 xxu||||| |||| 00| 0 eng d
100 _aShin, Sangbum
245 _aEconomic globalization and the environment in China: a comparative case study of Shenyang and Dalian
260 _c2004
300 _ap.263-94.
362 _aSep
650 _aGlobalization
773 _aJournal of Environment and Development
909 _a62391
999 _c62391
_d62391